| 000 | 00469nam a22001337a 4500 | ||
|---|---|---|---|
| 008 | 240220b |||||||| |||| 00| 0 eng d | ||
| 020 | _a9786077355298 | ||
| 082 |
_aA _bBREC |
||
| 100 |
_aBrenifier, Oscar _eautor _943482 |
||
| 245 |
_a¿Contrarios? : _bUn libro para ejercitar el arte de pensar / _cOscar Brenifier; ilustrador por Jacques Després |
||
| 260 |
_aMexico: _bOceano editores, _c2015 |
||
| 300 |
_a39 páginas: _bIlustraciones a color; _c21 cm. |
||
| 942 | _2ddc | ||
| 999 |
_c30684 _d17068 |
||